| 000 | 00904cam a2200241 4500 | ||
|---|---|---|---|
| 001 | ABS66840 | ||
| 008 | 030703n2003 000 0 eng u | ||
| 035 | _a(Sirsi) u122923 | ||
| 245 | _aEG top 80 | ||
| 260 | _c2003 | ||
| 490 |
_aEstates Gazette _v(0325) 21 June 2003, 60-68(9) |
||
| 520 | _aThe "Estates Gazette" annual survey of commercial property agencies finds that even though market conditions were tough in 2002, the top firms increased turnover by an average of 6%. The top eighty commercial surveyors are ranked by UK turnover; and the top fifty firms by turnover per fee-earner. Tables. | ||
| 590 | _aABS | ||
| 650 | _aRANKINGS | ||
| 650 | _aTURNOVER | ||
| 650 | _aFEE EARNERS | ||
| 650 | _aCOMMERCIAL PROPERTY AGENTS | ||
| 650 | _aLETTINGS | ||
| 650 | _aPROFITS | ||
| 650 | _aCOMMERCIAL AGENCY | ||
| 690 | _aMANAGEMENT-BUSINESS MANAGEMENT-PROFESSIONAL PRACTICE | ||
| 942 | _n0 | ||
| 999 |
_c72999 _d72999 |
||